000 00539nam a2200157Ia 4500
008 210716s2010 xx 000 0 und d
020 _a9780070146242
041 _aeng
082 _a574.80285 GOPS
100 _aGopal, Shuba; Haake, Anne; Jones, Rhys Price; Tymann, Paul.
245 _aBioinformatics: with fundamentals of genomics and proteomics.
_bWith fundamentals of genomics and proteomics.
250 _a1
260 _aNew Delhi
_bTata McGraw Hill Publishing Company Ltd
_c2010
300 _axiii,393
650 _aBioinformatics
999 _c190924
_d190924